000
00393nam a2200133Ia 4500
008
100328s9999 xx 000 0 und d
082
_b
10039
100
_a
पाटील दिनकर द.
245
_a
दसरा उजाडला
260
_b
ग.का.रायकर
630
_a
दसरा उजाडला
730
_a
दसरा उजाडला
942
_c
BOOK
999
_c
505587
_d
505584